| 000 | 00559nam a22002057a 4500 | ||
|---|---|---|---|
| 999 |
_c6106 _d6106 |
||
| 003 | GBCCL | ||
| 005 | 20241126110556.0 | ||
| 008 | 180501b ||||| |||| 00| 0 eng d | ||
| 020 | _a042504825X | ||
| 040 | _cgbc | ||
| 082 |
_a920 _bKAT |
||
| 100 |
_aMiller, Barbara _d1940 - _910977 |
||
| 245 |
_aKathy / _cBarbara Miller & Charles Paul Conn |
||
| 260 |
_bBerkley Books, _aNew York: _c1981 |
||
| 300 |
_a152 p.; _c17 cm. |
||
| 650 |
_aMilley, Kathy _910978 |
||
| 650 |
_aMiller, Barbara _y1940 - _910979 |
||
| 650 |
_aComa _xBiography _910980 |
||
| 942 |
_2ddc _cBK |
||